Ayam jantan yang bongkak

Bibliographic Details
Corporate Author: Title
Format: Book
Published: Selangor : Kiddibird
Series:Siri cerita rimba
Subjects:

MARC

LEADER 00000cam a2200000 7i4500
001 0000003404
005 20220105103945.0
008 070718
020 |a 9830848698 
090 0 0 |a JP   |b ANM MAL (3755) 
245 0 0 |a Ayam jantan yang bongkak 
260 |a Selangor :   |b Kiddibird 
440 0 |a Siri cerita rimba 
500 |a Children age 4-6 years old (yellow) 
650 0 |a Animal 
650 0 |a Junior preschool   |x Malay   |x Languages 
710 0 |a Title 
999 |a 0000970030   |b Book   |c Children Collection   |e Perbadanan Perpustakaan Awam Johor 
999 |a 0000970031   |b Book   |c Children Collection   |e Cawangan Tmn. Ungku Tun Aminah 
999 |a 0000970032   |b Book   |c Children Collection   |e Cawangan Tmn. Ungku Tun Aminah 
999 |a 0000970033   |b Book   |c Children Collection   |e Perbadanan Perpustakaan Awam Johor 
999 |a 0000970034   |b Book   |c Children Collection   |e Perbadanan Perpustakaan Awam Johor